00264 a2200121 4500001000700000020000600007040001100013100003400024240003600058245003100094300000800125362000900133188645 a  cMagnum aBezerra, Armando José China10aAs belas artes da medicinalpor10aAs belas artes da medicina a1140 a2003